000 00502nam a2200181Ia 4500
003 LK-CoDNM
008 010623t2001 xxu||||| |||| 00| 1 sin d
040 _aLK-CoDNM
_dLK-CoDNM
_eLK-CoDNM
041 _asin
080 _ax Atamasthanaya-BAL
100 _aBalasuriya, Duminda Sanjeewa
245 _aඅපේ අටමස්ථානය
246 _aApe Atamasthanaya
260 _bMalpiyali prakashakayo
_aDankotuwa
_c2001
300 _b(viii)108, 22 cm
650 _aThuuparamaya
942 _cBK
999 _c121049
_d121049